Mémoires d'un touriste / (Registro nro. 165749)

Detalles MARC
000 -LEADER
campo de control de longitud fija 00780nam a22002175i 4500
001 - NÚMERO DE CONTROL
campo de control 165749
003 - IDENTIFICADOR DE NÚMERO DE CONTROL
campo de control ES-MaACL
005 - FECHA Y HORA DE LA ÚLTIMA TRANSACCIÓN
campo de control 20240524063009.0
008 - DATOS DE LONGITUD FIJA--INFORMACIÓN GENERAL
campo de control de longitud fija 050906s1877 fr | |||||||| ||fre d
040 ## - FUENTE DE CATALOGACIÓN
Centro catalogador/agencia de origen CAM
Lengua de catalogación spa
Centro/agencia transcriptor CAM
100 0# - ENTRADA PRINCIPAL--NOMBRE DE PERSONA
Nombre de persona Stendhal,
Fechas asociadas al nombre 1783-1842
9 (RLIN) 108086
245 10 - MENCIÓN DEL TÍTULO
Título Mémoires d'un touriste /
Mención de responsabilidad, etc. par De Stendhal (Henry Beyle).
250 ## - MENCION DE EDICION
Mención de edición Nouvelle éd. revue et augm. d'une grande partie ent. inédite.
260 ## - PUBLICACIÓN, DISTRIBUCIÓN, ETC.
Lugar de publicación, distribución, etc. Paris :
Nombre del editor, distribuidor, etc. Calmann Lévy :
-- Ancienne Maison Michel Lévy,
Fecha de publicación, distribución, etc. 1877 (
Lugar de fabricación/manufactura Lagny :
Fabricante F. Aureau)
300 ## - DESCRIPCIÓN FÍSICA
Extensión 362, 372 p. ;
Dimensiones 19 cm.
490 1# - MENCIÓN DE SERIE
Mención de serie Oeuvres complètes de Stendhal
597 ## - NOTA DE DESCRIPCIÓN FÍSICA
NOTA DE DESCRIPCIÓN FÍSICA 2 t. en 1 v.
830 0# - PUNTO DE ACCESO ADICIONAL DE SERIE-TÍTULO UNIFORME
Título uniforme Oeuvres complètes de Stendhal
9 (RLIN) 188568
852 ## - LOCALIZACIÓN
Ubicación ES-MaACL
Número de control de estantería B-3210
Nota libre -- Enc. hol.
Existencias
Estatus retirado Estado de pérdida Estado de daño No para préstamo Colección Biblioteca de origen Biblioteca actual Ubicación en estantería Fecha de adquisición Fuente de adquisición Total de préstamos Signatura topográfica completa Código de barras Visto por última vez Precio de reemplazo Tipo de ítem Koha
        Libros del s. XIX Biblioteca del Ateneo de Madrid Biblioteca del Ateneo de Madrid Sala Pardo Bazán 17/01/2008     B-3210 1173827 23/02/2023 23/02/2023 Libro impreso antiguo